[Event "21st European Teams Women"]
[Site "Hersonissos GRE"]
[Date "2017.10.31"]
[Round "4.14"]
[Board "4"]
[White "Kalaiyalahan, Akshaya"]
[Black "Vozinaki, Anthi - Maria"]
[Result "1-0"]
[WhiteTitle "FM"]
[WhiteElo "2026"]
[BlackElo "1989"]
[WhiteTeam "England"]
[BlackTeam "Greece 2"]
[WhiteFideId "422894"]
[BlackFideId "4263898"]
[EventDate "2017.10.28"]

1. d4 Nf6 2. c4 e6 3. Nf3 Bb4+ 4. Bd2 a5 5. g3 d6 6. Bg2 Nbd7 7. O-O e5 8. Bc1
exd4 9. Nxd4 O-O 10. Bd2 Bc5 11. Bc3 Re8 12. Nd2 Ne5 13. h3 c6 14. e3 d5 15.
N4b3 Bb4 16. Bxe5 Rxe5 17. cxd5 cxd5 18. Nf3 Re8 19. Nbd4 Be6 20. Qd3 Ne4 21. a3
Bc5 22. Nd2 Nf6 23. Rac1 Qb6 24. N2b3 Bf8 25. Qb5 Qd6 26. Nxe6 fxe6 27. Nxa5 Qe5
28. Nc4 Qg5 29. Nb6 Rad8 30. e4 Bd6 31. exd5 exd5 32. Nxd5 Ne4 33. Bxe4 Rxe4 34.
Nc3 Re5 35. Qc4+ Kh8 36. Ne4 Qh5 37. Nxd6 Rxd6 38. Qf4 Rd8 39. h4 Rf5 40. Qe4
Rdf8 41. Qxb7 Qe8 42. Rc2 R5f7 43. Qc6 Qe5 44. Qg2 h6 45. Rfc1 Qe6 46. b4 Qa6
47. Rc3 Qa7 48. R1c2 Qd7 49. f4 1-0

[Event "21st European Teams Women"]
[Site "Hersonissos GRE"]
[Date "2017.10.31"]
[Round "4.15"]
[Board "1"]
[White "Goossens, Hanne"]
[Black "Franciskovic, Borka"]
[Result "0-1"]
[WhiteTitle "WFM"]
[BlackTitle "WIM"]
[WhiteElo "2188"]
[BlackElo "2242"]
[WhiteTeam "Belgium"]
[BlackTeam "Croatia"]
[WhiteFideId "200468"]
[BlackFideId "14507943"]
[EventDate "2017.10.28"]

1. e4 c6 2. d4 d5 3. Nd2 dxe4 4. Nxe4 Bf5 5. Ng3 Bg6 6. h4 h6 7. Nf3 e6 8. h5
Bh7 9. Bd3 Bxd3 10. Qxd3 Nf6 11. Bd2 c5 12. O-O-O Nc6 13. Bc3 Qd5 14. dxc5 Qxd3
15. Rxd3 Bxc5 16. Bxf6 gxf6 17. Ne4 Be7 18. Rhd1 Rd8 19. Rxd8+ Nxd8 20. Nd6+
Bxd6 21. Rxd6 Rg8 22. g3 Ke7 23. Rd3 e5 24. Nh4 Ke6 25. f3 f5 26. Kd2 Nc6 27.
Ke3 Rxg3 28. Rd6+ Kxd6 29. Nxf5+ Ke6 30. Nxg3 f5 31. f4 Nb4 32. fxe5 Kxe5 33. c3
f4+ 34. Kf3 fxg3 35. cxb4 g2 36. Kxg2 Kf4 37. b5 Kg4 38. Kf2 Kxh5 39. Kf3 Kg5
40. Kg3 Kf5 41. Kf3 Ke5 42. Kg4 Ke4 43. Kh5 Kd3 44. Kxh6 Kc2 45. b4 Kb2 46. a4
Kb3 47. b6 axb6 48. a5 b5 0-1

[Event "21st European Teams Women"]
[Site "Hersonissos GRE"]
[Date "2017.10.31"]
[Round "4.15"]
[Board "2"]
[White "Purgar, Ivona"]
[Black "Vanhuyse, Nele"]
[Result "1-0"]
[WhiteTitle "WFM"]
[BlackTitle "WFM"]
[WhiteElo "2200"]
[BlackElo "2061"]
[WhiteTeam "Croatia"]
[BlackTeam "Belgium"]
[WhiteFideId "14514451"]
[BlackFideId "228818"]
[EventDate "2017.10.28"]

1. e4 c5 2. Nf3 e6 3. d4 cxd4 4. Nxd4 Nc6 5. Nc3 Qc7 6. g3 a6 7. Bg2 Nf6 8. O-O
Nxd4 9. Qxd4 Bc5 10. Bf4 d6 11. Qd2 h6 12. Rad1 e5 13. Be3 Be6 14. Bxc5 dxc5 15.
Nd5 Bxd5 16. exd5 O-O 17. d6 Qd7 18. Qc3 e4 19. Qxc5 Rac8 20. Qd4 Rxc2 21. Rc1
Rfc8 22. Rxc2 Rxc2 23. Rd1 Rc6 24. Bxe4 Nxe4 25. Qxe4 Kf8 26. h4 b5 27. Qxc6 1-0

[Event "21st European Teams Women"]
[Site "Hersonissos GRE"]
[Date "2017.10.31"]
[Round "4.15"]
[Board "3"]
[White "Barbier, Wiebke"]
[Black "Berke, Ana"]
[Result "1/2-1/2"]
[BlackTitle "WIM"]
[WhiteElo "2013"]
[BlackElo "2154"]
[WhiteTeam "Belgium"]
[BlackTeam "Croatia"]
[WhiteFideId "207977"]
[BlackFideId "14510359"]
[EventDate "2017.10.28"]

1. e4 c5 2. Be2 Nc6 3. d3 g6 4. f4 Bg7 5. Nf3 Nf6 6. O-O d6 7. c3 O-O 8. Na3 Rb8
9. Qe1 b5 10. Nc2 b4 11. c4 Nd7 12. f5 b3 13. Ne3 bxa2 14. Ng4 Nde5 15. Ngxe5
Nxe5 16. Nxe5 Bxe5 17. Rxa2 a6 18. Qh4 Bf6 19. Bg5 Bxg5 20. Qxg5 Kg7 21. h4 h6
22. Qg3 Kh7 23. Bg4 e6 24. Qh3 exf5 25. exf5 g5 26. f6 Rg8 27. Bf5+ Bxf5 28.
Qxf5+ Kh8 29. Rf2 a5 30. Qd5 Qe8 31. Ra1 gxh4 32. Qh5 Rg6 33. Qxh4 Qe3 34. Qe4
Qxe4 35. dxe4 Rg4 36. Rxa5 Rxe4 37. Ra7 Rf8 38. Rd2 Re6 39. Rd7 Rxf6 40. R2xd6
Kg7 41. Rxf6 Kxf6 42. Rc7 Rb8 43. Rxc5 Rxb2 44. Rc6+ Kg5 45. Rc8 Rc2 46. c5 1/2-1/2

[Event "21st European Teams Women"]
[Site "Hersonissos GRE"]
[Date "2017.10.31"]
[Round "4.15"]
[Board "4"]
[White "Cvitan, Ena"]
[Black "Barbier, Astrid"]
[Result "1-0"]
[WhiteTitle "FM"]
[WhiteElo "2165"]
[BlackElo "1815"]
[WhiteTeam "Croatia"]
[BlackTeam "Belgium"]
[WhiteFideId "14534215"]
[BlackFideId "200395"]
[EventDate "2017.10.28"]

1. d4 f5 2. g3 Nf6 3. Bg2 g6 4. Nf3 Bg7 5. O-O O-O 6. b3 d6 7. Bb2 c6 8. c4 Qe8
9. Qc2 Na6 10. Nbd2 Nc7 11. Rae1 a5 12. a3 d5 13. Ne5 Be6 14. Ndf3 Ne4 15. Nd3
Qd8 16. Nfe5 Nd6 17. Nf4 dxc4 18. Nxe6 Nxe6 19. d5 Nc5 20. dxc6 e6 21. cxb7
Ncxb7 22. Nxc4 Rc8 23. Bxg7 Kxg7 24. Qb2+ Kg8 25. Rd1 Qe7 26. Nxd6 Nxd6 27. Qe5
Nf7 28. Qxa5 Rc2 29. Qa6 Rfc8 30. a4 R8c7 31. a5 Ra7 32. Qb5 Kg7 33. b4 Rb2 34.
Rb1 Rxb1 35. Rxb1 Nd6 36. Qb6 Rc7 37. b5 Nc4 38. Qd4+ Kg8 39. b6 1-0

[Event "21st European Teams Women"]
[Site "Hersonissos GRE"]
[Date "2017.10.31"]
[Round "4.16"]
[Board "1"]
[White "Newrkla, Katharina"]
[Black "Milovic, Aleksandra"]
[Result "1/2-1/2"]
[WhiteTitle "WIM"]
[BlackTitle "WIM"]
[WhiteElo "2170"]
[BlackElo "2191"]
[WhiteTeam "Austria"]
[BlackTeam "Montenegro"]
[WhiteFideId "1621629"]
[BlackFideId "933988"]
[EventDate "2017.10.28"]

1. e4 d5 2. exd5 Qxd5 3. Nc3 Qd8 4. d4 Nf6 5. Nf3 Bg4 6. h3 Bxf3 7. Qxf3 c6 8.
Bf4 e6 9. O-O-O Bb4 10. Ne4 Nxe4 11. Qxe4 Qd5 12. Qxd5 cxd5 13. c4 dxc4 14. Bxc4
Nd7 15. Bb3 O-O 16. a3 Rfc8+ 17. Kb1 Bf8 18. d5 e5 19. Be3 Bd6 20. g4 a5 21. Rc1
Kf8 22. h4 Ke7 23. g5 Rxc1+ 24. Rxc1 b5 25. h5 g6 26. Bd1 Rb8 27. Rc6 a4 28. Ra6
Rb7 29. Ra8 Bb8 30. Ra6 Bd6 31. Ra8 Bb8 32. Ra6 Bd6 33. Ra8 Bc5 34. Rh8 Bxe3 35.
fxe3 gxh5 36. Rxh7 Nf8 37. Rxh5 Kd6 38. Bf3 Re7 39. Rh6+ Ng6 40. Be4 Rc7 41.
Bxg6 fxg6 42. e4 Kc5 43. Rxg6 Kd4 44. d6 Rd7 45. Kc2 Kxe4 46. Rf6 Kd5 47. Kd3
Rg7 48. g6 e4+ 49. Ke3 Ke5 50. Rf4 Rxg6 51. Rxe4+ Kxd6 52. Rb4 Kc5 1/2-1/2

[Event "21st European Teams Women"]
[Site "Hersonissos GRE"]
[Date "2017.10.31"]
[Round "4.16"]
[Board "2"]
[White "Stojanovic, Marija R"]
[Black "Teuschler, Barbara"]
[Result "0-1"]
[WhiteTitle "WIM"]
[BlackTitle "WFM"]
[WhiteElo "2102"]
[BlackElo "2228"]
[WhiteTeam "Montenegro"]
[BlackTeam "Austria"]
[WhiteFideId "931411"]
[BlackFideId "1602047"]
[EventDate "2017.10.28"]

1. e4 e5 2. Nf3 d6 3. d4 exd4 4. Nxd4 Nf6 5. Nc3 Be7 6. Be2 O-O 7. O-O Re8 8.
Bf3 Bf8 9. Re1 Nbd7 10. Nd5 c6 11. Nxf6+ Qxf6 12. c3 Ne5 13. Be2 Bd7 14. Be3 Ng6
15. Qc2 Rad8 16. Nf3 Qe6 17. Bd3 c5 18. c4 Bc6 19. Bd2 Be7 20. a3 Bf6 21. Rab1
b6 22. b4 h6 23. b5 Bb7 24. a4 Be5 25. a5 Nf4 26. Bxf4 Bxf4 27. a6 Bc8 28. Re2
Qf6 29. Ne1 Bg4 30. f3 Bc8 31. Qb2 Be5 32. Qb3 h5 33. Bc2 h4 34. Nd3 Bd4+ 35.
Nf2 Qf4 36. Qd3 Be5 37. h3 Re6 38. Qe3 Qh2+ 39. Kf1 Rg6 0-1

[Event "21st European Teams Women"]
[Site "Hersonissos GRE"]
[Date "2017.10.31"]
[Round "4.16"]
[Board "3"]
[White "Exler, Veronika"]
[Black "Koljevic, Nikolina"]
[Result "1-0"]
[WhiteTitle "WIM"]
[WhiteElo "2118"]
[BlackElo "1837"]
[WhiteTeam "Austria"]
[BlackTeam "Montenegro"]
[WhiteFideId "1620550"]
[BlackFideId "16503945"]
[EventDate "2017.10.28"]

1. d4 d5 2. c4 e6 3. Nf3 c5 4. cxd5 exd5 5. g3 Nf6 6. Bg2 Be7 7. O-O O-O 8. Nc3
Nc6 9. dxc5 Bxc5 10. Bg5 d4 11. Ne4 Be7 12. Bxf6 Bxf6 13. b4 d3 14. Nxf6+ Qxf6
15. b5 dxe2 16. Qxe2 Nd4 17. Nxd4 Qxd4 18. Rfd1 Bg4 19. Rxd4 Bxe2 20. a4 Rab8
21. Rd7 a6 22. b6 Bg4 23. Rxb7 Rxb7 24. Bxb7 Rb8 25. Bxa6 Rxb6 26. Bd3 g6 27. a5
Rb7 28. a6 Ra7 29. f4 Bf3 30. Kf2 Ba8 31. Ke3 Kf8 32. Kd4 Ke7 33. Kc5 Rc7+ 34.
Kb6 Kd8 35. Bb5 Re7 36. Rd1+ Kc8 37. Rd6 Bg2 38. Bc4 Bf3 39. Rf6 1-0

[Event "21st European Teams Women"]
[Site "Hersonissos GRE"]
[Date "2017.10.31"]
[Round "4.16"]
[Board "4"]
[White "Rakic, Tijana"]
[Black "Novkovic, Julia"]
[Result "0-1"]
[BlackTitle "WFM"]
[WhiteElo "1508"]
[BlackElo "2111"]
[WhiteTeam "Montenegro"]
[BlackTeam "Austria"]
[WhiteFideId "16504194"]
[BlackFideId "12000086"]
[EventDate "2017.10.28"]

1. e4 e5 2. d4 exd4 3. c3 d5 4. exd5 Qxd5 5. Nf3 Nc6 6. cxd4 Bb4+ 7. Bd2 Bxd2+
8. Qxd2 Bg4 9. Qe3+ Qe6 10. Qxe6+ Bxe6 11. Bb5 Ne7 12. Nc3 O-O-O 13. O-O-O Bg4
14. Rhe1 Bxf3 15. gxf3 Nf5 16. d5 Ncd4 17. Bf1 g6 18. Bh3 Kb8 19. Rd3 c5 20.
dxc6 Ne2+ 21. Rxe2 Rxd3 22. cxb7 Rd7 23. Re5 Rxb7 24. Bxf5 gxf5 25. Rxf5 Rg8 26.
Rh5 f6 27. Ne4 Rc8+ 28. Kb1 Rg7 29. Nc3 Rc4 30. Rf5 Rg6 31. Rh5 Rc7 32. a3 Rg1+
33. Ka2 Rg5 34. Rh4 Rg2 35. Rf4 Rf7 36. Rb4+ Rb7 37. Rf4 Rxf2 38. Rxf6 Rbxb2+
39. Ka1 Rbc2 40. Rf8+ Kb7 41. Rf7+ Kc8 42. Rf8+ Kd7 0-1

[Event "21st European Teams Women"]
[Site "Hersonissos GRE"]
[Date "2017.11.01"]
[Round "5.1"]
[Board "2"]
[White "Garcia Martin, Marta"]
[Black "Lagno, Kateryna"]
[Result "0-1"]
[WhiteTitle "FM"]
[BlackTitle "GM"]
[WhiteElo "2315"]
[BlackElo "2541"]
[WhiteTeam "Spain"]
[BlackTeam "Russia"]
[WhiteFideId "32084030"]
[BlackFideId "14109336"]
[EventDate "2017.10.28"]

1. e4 c5 2. Nf3 d6 3. Bb5+ Bd7 4. Bxd7+ Nxd7 5. O-O Ngf6 6. Qe2 e6 7. b3 g6 8.
c3 Bg7 9. d4 O-O 10. Bb2 cxd4 11. cxd4 d5 12. e5 Ne4 13. Nbd2 Nxd2 14. Qxd2 Rc8
15. Rac1 Nb8 16. h4 Rxc1 17. Rxc1 Qd7 18. Ba3 Rc8 19. h5 Rxc1+ 20. Qxc1 gxh5 21.
Qg5 Qc8 22. Ne1 h6 23. Qe3 Nd7 24. Qe2 Qc3 25. Bb2 Qa5 26. Bc1 Qc3 27. Be3 Nb8
28. Nf3 Nc6 29. Qb5 Qb4 30. Qd3 a6 31. Qc2 Qf8 32. Bf4 f6 33. exf6 Qxf6 34. Be3
Qf5 35. Qc1 Kh7 36. Qd1 Qg4 37. Qd3+ Kg8 38. Qd2 h4 39. Nh2 Qg6 40. Kf1 Qb1+ 41.
Ke2 Qh1 42. Nf3 Qxg2 43. Nxh4 Qg4+ 44. Nf3 h5 0-1

[Event "21st European Teams Women"]
[Site "Hersonissos GRE"]
[Date "2017.11.01"]
[Round "5.1"]
[Board "3"]
[White "Gunina, Valentina"]
[Black "Matnadze, Ana"]
[Result "1/2-1/2"]
[WhiteTitle "GM"]
[BlackTitle "IM"]
[WhiteElo "2502"]
[BlackElo "2368"]
[WhiteTeam "Russia"]
[BlackTeam "Spain"]
[WhiteFideId "4167570"]
[BlackFideId "13601377"]
[EventDate "2017.10.28"]

1. d4 Nf6 2. c4 e6 3. Nf3 d5 4. g3 Bb4+ 5. Bd2 Be7 6. Bg2 c6 7. O-O Nbd7 8. Qc2
b6 9. b3 Bb7 10. Nc3 Rc8 11. Rad1 c5 12. cxd5 exd5 13. dxc5 Nxc5 14. b4 Ne6 15.
Qa4+ Bc6 16. b5 Nc5 17. Qc2 Ba8 18. Nd4 O-O 19. Nf5 Ne6 20. Qa4 Bc5 21. e3 g6
22. Nh6+ Kg7 23. e4 d4 24. e5 Bxg2 25. exf6+ Qxf6 26. Kxg2 dxc3 27. Ng4 Qe7 28.
Bh6+ Kh8 29. Bxf8 Qb7+ 30. f3 Bxf8 31. Ne5 Qc7 32. Qe4 Bg7 33. Nc6 Bf6 34. f4
Nc5 35. Qf3 a6 36. f5 g5 37. Nd4 g4 38. Qxg4 axb5 39. Rf3 b4 40. Nb5 Qe5 41. Nd6
Qe2+ 42. Kh3 Rf8 43. Rdf1 c2 44. Rc1 Nd3 45. Rff1 Qxf1+ 46. Rxf1 c1=Q 47. Qe2
Qh6+ 48. Kg2 Nc5 49. Rf4 Bc3 50. f6 Ne6 51. Nxf7+ Rxf7 52. Qxe6 Qf8 53. Qxb6
Rxf6 54. Rxf6 Qxf6 55. Qb7 Qe6 56. Qb8+ Kg7 57. Qa7+ Kg6 58. h4 h5 59. Qa8 Qe2+
60. Kh3 Qf1+ 61. Kh2 Qe2+ 62. Kh3 Qg4+ 63. Kg2 Kf5 64. a3 Qe2+ 65. Kh3 Qg4+ 66.
Kg2 Qe2+ 67. Kh3 Be5 68. Qf8+ Ke4 69. Qxb4+ Kf3 70. Qb7+ Ke3 71. Qb3+ Kd4 72.
Qb4+ Kd5 73. Qb3+ Kc5 74. a4 Qg4+ 75. Kg2 Qe2+ 76. Kh3 Qf1+ 77. Kh2 Qf2+ 78. Kh3
Qf5+ 79. Kg2 Qe4+ 80. Qf3 Kd4 81. Qxe4+ Kxe4 82. a5 Kf5 83. a6 Bd4 84. Kf3 Bb6
85. Kg2 Kg4 86. Kh2 Kf3 87. Kh1 Kf2 88. Kh2 Ba7 89. Kh3 Kf3 90. Kh2 Bc5 91. Kh1
Kg4 92. Kg2 Bb6 93. Kh2 Kf3 94. Kh1 Bd4 95. Kh2 Ba7 96. Kh1 Kg4 97. Kg2 Bd4 98.
Kh2 Kf3 99. Kh1 Bf2 100. Kh2 Bxg3+ 101. Kh1 Bf2 102. a7 Bxa7 103. Kh2 Kf2 104.
Kh1 Kf1 105. Kh2 Bf2 106. Kh1 Bxh4 107. Kh2 Bg5 108. Kh1 1/2-1/2

[Event "21st European Teams Women"]
[Site "Hersonissos GRE"]
[Date "2017.11.01"]
[Round "5.1"]
[Board "4"]
[White "Delgado Crespo, Mairelys"]
[Black "Goryachkina, Aleksandra"]
[Result "0-1"]
[WhiteTitle "WGM"]
[BlackTitle "WGM"]
[WhiteElo "2260"]
[BlackElo "2478"]
[WhiteTeam "Spain"]
[BlackTeam "Russia"]
[WhiteFideId "3501868"]
[BlackFideId "4147103"]
[EventDate "2017.10.28"]

1. e4 e6 2. d4 d5 3. exd5 exd5 4. Nf3 Nc6 5. h3 Bd6 6. Bd3 Nge7 7. c3 h6 8. Qc2
Be6 9. Nbd2 Qd7 10. Nf1 O-O-O 11. Bd2 g5 12. O-O-O f6 13. Ng3 h5 14. h4 g4 15.
Ng1 Bxg3 16. fxg3 Bf5 17. Ne2 Bxd3 18. Qxd3 Na5 19. Rhf1 Qa4 20. Kb1 Rd6 21. Qc2
Qb5 22. Nc1 Nc4 23. Ka1 Rb6 24. b3 Nd6 25. Rxf6 Ne4 26. Rxb6 axb6 27. Bf4 Nc6
28. c4 Qa5 29. Bd2 Nxd2 30. Qxd2 dxc4 31. bxc4 Qa4 32. Qd3 Na5 33. c5 bxc5 34.
dxc5 Nc6 35. Qb3 Qe4 36. Rd2 Rf8 37. Rb2 Nd4 38. Qd3 Qe5 39. c6 Nxc6 40. Qb5
Qxb5 41. Rxb5 Rf2 42. Rxh5 Rxg2 43. Nd3 Rxg3 44. Ne5 Nxe5 45. Rxe5 Rh3 46. h5
Kd7 47. Rg5 g3 48. Kb2 Ke6 49. h6 Rxh6 50. Rxg3 Kd5 51. Rg7 Kc6 52. Rg5 Rh2+ 53.
Kb3 Rh3+ 54. Kb4 Rh4+ 55. Kb3 b5 56. Rf5 Kb6 57. Rf8 Rh3+ 58. Kb2 b4 59. Rf4 Kb5
60. Rg4 c5 61. Rf4 Rh2+ 62. Kb1 Rd2 63. Rh4 Rd4 64. Rh3 Ka4 65. Rh8 Rd3 66. Kb2
Rd2+ 67. Kb1 Kb5 68. Rh3 c4 69. Rh5+ Kc6 70. Rg5 Rd5 71. Rg4 Kb5 72. Rh4 c3 73.
Rg4 Rd1+ 74. Kc2 Rd2+ 75. Kb1 Rb2+ 76. Ka1 Ka4 77. Rg5 Re2 78. Kb1 Re1+ 79. Kc2
Ra1 80. Rg8 Rxa2+ 81. Kb1 Rb2+ 82. Ka1 Kb3 83. Rg3 Rd2 84. Rg1 Ra2+ 0-1

[Event "21st European Teams Women"]
[Site "Hersonissos GRE"]
[Date "2017.11.01"]
[Round "5.2"]
[Board "1"]
[White "Zimina, Olga"]
[Black "Socko, Monika"]
[Result "1/2-1/2"]
[WhiteTitle "IM"]
[BlackTitle "GM"]
[WhiteElo "2394"]
[BlackElo "2479"]
[WhiteTeam "Italy"]
[BlackTeam "Poland"]
[WhiteFideId "4132190"]
[BlackFideId "1106619"]
[EventDate "2017.10.28"]

1. Nf3 Nf6 2. c4 e6 3. g3 d5 4. b3 Be7 5. Bg2 O-O 6. O-O b6 7. cxd5 Nxd5 8. Bb2
Bb7 9. d4 Nd7 10. Nbd2 c5 11. Nc4 Rc8 12. Nfe5 cxd4 13. Nxd7 Qxd7 14. Qxd4 Bf6
15. Qd2 Bxb2 16. Qxb2 Rfd8 17. Rfd1 Qe7 18. a4 Ba8 19. Rd2 Nf6 20. Rad1 Bxg2 21.
Kxg2 Ne4 22. Rxd8+ Rxd8 23. Qc2 Rxd1 24. Qxd1 h6 25. Qd4 Nc5 26. Nd2 Qc7 27. Kg1
f6 28. f3 Kf7 29. Kf2 Ke7 30. Qg4 Kf7 31. Qd4 Ke7 32. Qg4 Kf7 33. Qd4 1/2-1/2

[Event "21st European Teams Women"]
[Site "Hersonissos GRE"]
[Date "2017.11.01"]
[Round "5.2"]
[Board "2"]
[White "Zawadzka, Jolanta"]
[Black "Brunello, Marina"]
[Result "1/2-1/2"]
[WhiteTitle "WGM"]
[BlackTitle "FM"]
[WhiteElo "2422"]
[BlackElo "2353"]
[WhiteTeam "Poland"]
[BlackTeam "Italy"]
[WhiteFideId "1122320"]
[BlackFideId "822590"]
[EventDate "2017.10.28"]

1. e4 c5 2. Nf3 d6 3. d4 cxd4 4. Nxd4 Nf6 5. Nc3 a6 6. Be3 e5 7. Nb3 Be7 8. f4
Ng4 9. Qd2 Nxe3 10. Qxe3 exf4 11. Qxf4 Bf6 12. Bc4 O-O 13. O-O Be6 14. Bxe6 fxe6
15. Qe3 Nc6 16. Rad1 Qe7 17. g3 Rac8 18. Qd2 Rfd8 19. Nb1 Ne5 20. c3 b5 21. Qe2
Re8 22. Na3 Qc7 23. Kh1 Qb6 24. Nc2 Nc4 25. Ncd4 b4 26. Rb1 Ne5 27. Rbc1 Bg5 28.
Rc2 a5 29. Qb5 Qxb5 30. Nxb5 Nc4 31. cxb4 axb4 32. Rxc4 Rxc4 33. Nxd6 Rec8 34.
Nxc8 Rxc8 35. a3 bxa3 36. bxa3 Rc4 37. e5 Be7 38. Nd2 Ra4 39. Nf3 Rxa3 40. Kg2
Ra2+ 41. Kh3 Re2 42. g4 h6 43. Kg3 Re4 44. Rb1 Bg5 45. Rb8+ Kf7 46. Rb7+ Kf8 47.
Rb8+ Kf7 48. Rb7+ 1/2-1/2

[Event "21st European Teams Women"]
[Site "Hersonissos GRE"]
[Date "2017.11.01"]
[Round "5.2"]
[Board "3"]
[White "Sedina, Elena"]
[Black "Szczepkowska, Karina"]
[Result "1/2-1/2"]
[WhiteTitle "IM"]
[BlackTitle "IM"]
[WhiteElo "2288"]
[BlackElo "2406"]
[WhiteTeam "Italy"]
[BlackTeam "Poland"]
[WhiteFideId "812153"]
[BlackFideId "1122681"]
[EventDate "2017.10.28"]

1. e4 e5 2. Bc4 Nc6 3. Nf3 Nf6 4. d3 Be7 5. O-O O-O 6. Re1 d6 7. a4 Na5 8. Ba2
c5 9. c3 Nc6 10. Nbd2 h6 11. Nc4 Be6 12. Bd2 Re8 13. h3 Qd7 14. b4 cxb4 15. cxb4
Bd8 16. b5 Ne7 17. d4 exd4 18. Nxd4 Bxc4 19. Bxc4 Bb6 20. Nb3 d5 21. exd5 Qf5
22. Be3 Nexd5 23. Bxb6 Rxe1+ 24. Qxe1 Nxb6 25. Bf1 Re8 26. Qd2 Nbd5 27. Re1 Rxe1
28. Qxe1 Qc2 29. Na5 b6 30. Nc6 Qxa4 31. Qe5 a5 32. Qb8+ Kh7 33. Bd3+ Ne4 34.
Qe5 Nf6 35. Kh2 g6 36. f3 Qb3 37. Bxe4 Nxe4 38. fxe4 a4 39. Qd5 Kg7 40. Qd4+ Kh7
41. Nb4 a3 42. Nd5 Qxb5 43. Nf6+ Kg7 44. Nd5+ Kh7 45. Qf6 Qe8 46. Qc3 Qa4 47.
Nf6+ Kg7 48. Nd5+ Kh7 49. Qc7 Kg7 50. Qe5+ Kg8 51. Nxb6 Qb3 52. Qe8+ Kg7 53.
Qe5+ Kg8 54. Qe8+ Kg7 55. Nd7 Qe6 56. Qf8+ Kh7 57. Qc8 Qe7 58. e5 a2 59. Nf6+
Qxf6 60. exf6 a1=Q 61. Qc6 Qe5+ 62. Kh1 Qf5 63. Qd6 g5 64. Qd8 h5 65. Qe7 Kg6
66. Qf8 Qxf6 67. Qg8+ Kf5 68. Qc8+ Qe6 69. Qc2+ Qe4 70. Qf2+ Kg6 71. Qb6+ f6 72.
Qf2 Qb1+ 73. Kh2 Qc1 74. Qa2 Qc7+ 75. Kh1 Qf7 76. Qc2+ f5 77. Qc6+ Qf6 78. Qe8+
Kh6 79. Kh2 f4 80. Qc8 h4 81. Kg1 Kg7 82. Qd7+ Kg6 83. Qd3+ Kf7 84. Qd7+ Kf8 85.
Qc8+ Kf7 86. Qd7+ Qe7 87. Qf5+ Kg7 88. Kh2 Kh6 89. Qc8 Qe5 90. Qf8+ Kg6 91. Qg8+
Kf5 92. Qh7+ Ke6 93. Qg8+ Ke7 94. Qh7+ Kd6 95. Kh1 Qd5 96. Qg6+ Kc7 97. Kh2 Qe5
98. Qc2+ Kd6 99. Qd1+ Qd5 100. Qa1 Ke6 101. Qa6+ Ke5 102. Qe2+ Qe4 103. Qb5+ Kf6
104. Qa6+ Qe6 105. Qa8 Kg6 106. Qb7 Qe5 107. Qc6+ Qf6 108. Qe4+ Kh6 109. Qa8 f3
110. Qxf3 Qxf3 111. gxf3 Kg6 112. Kg2 Kf5 113. Kf1 Ke5 114. Ke2 Kf4 115. Kf2 Kf5
116. Ke3 Ke5 1/2-1/2

[Event "21st European Teams Women"]
[Site "Hersonissos GRE"]
[Date "2017.11.01"]
[Round "5.2"]
[Board "4"]
[White "Majdan, Joanna"]
[Black "Gueci, Tea"]
[Result "1/2-1/2"]
[WhiteTitle "WGM"]
[BlackTitle "WFM"]
[WhiteElo "2349"]
[BlackElo "2161"]
[WhiteTeam "Poland"]
[BlackTeam "Italy"]
[WhiteFideId "1121979"]
[BlackFideId "872342"]
[EventDate "2017.10.28"]

1. e4 c5 2. b3 e6 3. Bb2 d5 4. exd5 exd5 5. Bb5+ Nc6 6. Nf3 Nf6 7. O-O Be7 8.
Ne5 Qc7 9. Re1 Be6 10. Bxc6+ bxc6 11. d3 O-O 12. Nd2 Rfe8 13. h3 Bd6 14. Ndf3 d4
15. c3 Bxh3 16. cxd4 cxd4 17. Bxd4 Be6 18. Qc1 Bd5 19. Qg5 h6 20. Qh4 Re6 21.
Re3 Rae8 22. Rae1 c5 23. Ba1 Qa5 24. Nc4 Bxc4 25. bxc4 Rxe3 26. fxe3 Re6 27. e4
Be7 28. Qf2 Ng4 29. Qb2 Bf6 30. Qb8+ Kh7 31. Qf4 Bxa1 32. Rxa1 Qc3 33. Rc1 Qxd3
34. Qf5+ Rg6 35. Re1 Ne3 36. Qxf7 Rxg2+ 37. Kh1 Rg3 38. Kh2 Rg2+ 39. Kh1 Rg3 40.
Qf4 Ng2 41. Qf5+ Kg8 42. Qc8+ Kh7 43. Qf5+ 1/2-1/2

[Event "21st European Teams Women"]
[Site "Hersonissos GRE"]
[Date "2017.11.01"]
[Round "5.3"]
[Board "1"]
[White "Danielian, Elina"]
[Black "Dzagnidze, Nana"]
[Result "0-1"]
[WhiteTitle "GM"]
[BlackTitle "GM"]
[WhiteElo "2415"]
[BlackElo "2520"]
[WhiteTeam "Armenia"]
[BlackTeam "Georgia"]
[WhiteFideId "13300210"]
[BlackFideId "13601903"]
[EventDate "2017.10.28"]

1. d4 d5 2. Nf3 Nf6 3. c4 e6 4. e3 b6 5. Nbd2 Bb7 6. b3 Nbd7 7. Bd3 dxc4 8. bxc4
c5 9. O-O Be7 10. Bb2 O-O 11. Qe2 Qc7 12. a4 a5 13. Ne5 cxd4 14. Nxd7 Nxd7 15.
exd4 Rad8 16. Rac1 Rfe8 17. Ne4 Bb4 18. c5 Bd5 19. Rfd1 Nb8 20. Qh5 h6 21. cxb6
Qe7 22. Rc7 Rd7 23. Rdc1 Red8 24. Nc3 Bxc3 25. R1xc3 Qb4 26. Bc1 Qxb6 27. Qh4 f6
28. Rxd7 Nxd7 29. Bxh6 gxh6 30. Qxh6 Qxd4 31. Qh7+ Kf8 32. Rc7 f5 33. Bb5 Qg4
34. Bf1 Ke8 35. h4 e5 36. h5 Bg8 37. Qh8 Kf8 38. Bc4 Qg7 39. Qxg7+ Kxg7 40. h6+
Kh8 41. Bxg8 Kxg8 42. Ra7 Kh7 43. Rxa5 Kxh6 44. f4 Nf6 45. fxe5 Ng4 46. g3 Kg5
47. Rb5 Rd1+ 48. Kg2 Rd2+ 49. Kg1 Nh2 50. e6 Kg4 51. Rb7 Kxg3 52. Rg7+ Ng4 53.
Rd7 Rg2+ 54. Kf1 Ne3+ 55. Ke1 Kf3 0-1

[Event "21st European Teams Women"]
[Site "Hersonissos GRE"]
[Date "2017.11.01"]
[Round "5.3"]
[Board "2"]
[White "Khotenashvili, Bela"]
[Black "Mkrtchian, Lilit"]
[Result "1-0"]
[WhiteTitle "GM"]
[BlackTitle "IM"]
[WhiteElo "2459"]
[BlackElo "2390"]
[WhiteTeam "Georgia"]
[BlackTeam "Armenia"]
[WhiteFideId "13602640"]
[BlackFideId "13300601"]
[EventDate "2017.10.28"]

1. d4 e6 2. c4 f5 3. Nf3 Nf6 4. g3 d5 5. Bg2 c6 6. O-O Bd6 7. b3 Qe7 8. a4 a5 9.
Ba3 Bxa3 10. Nxa3 Nbd7 11. Bh3 Ng4 12. Bxg4 fxg4 13. Nd2 e5 14. e4 dxe4 15. Nxe4
exd4 16. Qxd4 O-O 17. Rfe1 Qe5 18. Nc2 Qxd4 19. Nxd4 Ne5 20. Rad1 Rd8 21. Ng5
Nf7 22. Ne4 Ne5 23. Kf1 Nf7 24. Rd2 h6 25. Ree2 Rf8 26. Ke1 Rd8 27. Kd1 Rf8 28.
Kc1 Rd8 29. Kb2 Rf8 30. Kc3 Rd8 31. Re3 Rf8 32. Rde2 Kh7 33. Rd2 Kg8 34. Nc5 Ng5
35. Ne4 Nf7 36. Rde2 Kh7 37. Nc5 Ng5 38. Re7 b6 39. Ne4 Nxe4+ 40. R7xe4 c5 41.
Nb5 Bf5 42. R4e3 Rad8 43. Nc7 Rd1 44. Nd5 Rc1+ 45. Kd2 Rb1 46. Kc3 Rc1+ 47. Kb2
Rb1+ 48. Ka3 Ra1+ 49. Ra2 Rf1 50. Nxb6 Bb1 51. Rae2 R8xf2 52. Nd7 Rf5 53. Re5
R1f2 54. Rb2 Bd3 55. Rxf2 Rxf2 56. Nxc5 Bb1 57. b4 axb4+ 58. Kxb4 Rxh2 59. a5
Rb2+ 60. Nb3 Bc2 61. Re3 Ra2 62. Nd4 Bd1 63. Rd3 Ra1 64. c5 Rb1+ 65. Nb3 Bf3 66.
a6 Re1 67. a7 Re8 68. Nd4 Ba8 69. c6 h5 70. Kc5 g5 71. Rb3 Re7 72. Kd6 Rxa7 73.
c7 Ra6+ 74. Ke7 Ra7 75. Kd8 Rxc7 76. Kxc7 h4 77. Rb2 h3 78. Rh2 Kg6 79. Kd6 Kf6
80. Rf2+ Kg6 81. Nc6 Bb7 82. Ne5+ Kh5 83. Rf8 Kh6 84. Ke7 Bf3 85. Kf6 1-0